Floods and its implications in the state of Bihar (Record no. 492292)

000 -LEADER
fixed length control field 00502cam a22001577a 4500
008 - FIXED-LENGTH DATA ELEMENTS--GENERAL INFORMATION
fixed length control field 180718b xxu||||| |||| 00| 0 eng d
082 ## - DEWEY DECIMAL CLASSIFICATION NUMBER
Classification number PROJ.REP./1996 SHA
100 ## - MAIN ENTRY--PERSONAL NAME
Personal name Sharma, Vinod K.
245 ## - TITLE STATEMENT
Title Floods and its implications in the state of Bihar
Statement of responsibility, etc. by Vinod K. Sharma and Tanu Priya
260 ## - PUBLICATION, DISTRIBUTION, ETC.
Place of publication, distribution, etc. New Delhi
Name of publisher, distributor, etc. Indian Institute of Public Administration
Date of publication, distribution, etc.
300 ## - PHYSICAL DESCRIPTION
Extent 86+p.
440 ## - SERIES STATEMENT/ADDED ENTRY--TITLE
Title IIPA Working Paper, 1996: 7
650 ## - SUBJECT ADDED ENTRY--TOPICAL TERM
Topical term or geographic name entry element Disaster
650 ## - SUBJECT ADDED ENTRY--TOPICAL TERM
Topical term or geographic name entry element Flood - India - Bihar
700 ## - ADDED ENTRY--PERSONAL NAME
Personal name Priya, Tanu
Holdings
Withdrawn status Lost status Damaged status Not for loan Permanent Location Current Location Date acquired Full call number Barcode Date last seen Price effective from Koha item type
        Indian Institute of Public Administration Indian Institute of Public Administration 2018-08-04 PROJ.REP./1996 SHA GR16123 2018-08-04 2018-08-04 GR

Powered by Koha